000 03735nam a22005417a 4500
001 21819024
003 TZ-ArACH
005 20251118101105.0
006 m |o d |
007 cr |||||||||||
008 180626s2019 gw |||| o |||| 0|eng
010 _a 2019764755
020 _a9783319894591
024 7 _a10.1007/978-3-319-89459-1
_2doi
035 _a21819024
035 _a(DE-He213)978-3-319-89459-1
040 _aDLC
_beng
_epn
_erda
_cTZ-ArACH
_dTZ-ArACH
050 _aKDZ574
_b.I58 2019
072 7 _aJP
_2bicssc
072 7 _aJP
_x1KL
_2thema
072 7 _aPOL057000
_2bisacsh
245 0 4 _aThe Inter-American Human Rights System:
_bImpact Beyond Compliance
_cEdited by Par Engstrom
250 _a1st ed. 2019.
260 _aSwitzerland:
_bPalgrave Macmillan;
_c2019
300 _axxi, 340 p.:
490 1 _aStudies of the Americas
504 _aIncludes bibliographic references and index.
505 0 _a1: Introduction: Rethinking the Impact of the Inter-American Human Rights System -- 2: Mobilising the Inter-American Human Rights System: Regional Litigation and Domestic Human Rights Impact in Latin America -- 3: Friendly Settlements in the Inter-American Human Rights System: Efficiency, Effectiveness and Scope -- 4: The Impact of Precautionary Measures on Persons Deprived of Liberty in the Americas -- 5: From Compliance to Engagement: Assessing the Impact of the Inter-American Court of Human Rights on Constitutional Law in Latin America -- 6: Institutional Empowerment and Progressive Policy Reforms: The Impact of the Inter-American Human Rights System on Intra-State Conflicts -- 7: Bridging the Gap: National Human Rights Institutions and the Inter-American Human Rights System -- 8: Transnational Activism and Coalitions of Domestic Interest Groups: Reflections on the Case of Brazil -- 9: Transitional Justice and the Inter-American Human Rights System in Peru: The Role of Anti- and Pro-Compliance Constituencies -- 10: Impact of the IAHRS in the Fight against Impunity for Past Crimes in El Salvador and Guatemala -- 11: The Inter-American Court of Human Rights and the Effects of Overlapping Institutions: A Preliminary Study -- 12: Impact in the African and Inter-American Human Rights Systems: A Perspective on the Possibilities and Challenges of Cross-Regional Comparison.
520 _aThis book critically examines the impact of the Inter-American Human Rights System (IAHRS). Going beyond traditional state compliance models of human rights impact, it develops a contextual understanding of how the IAHRS shapes political struggles between actors and institutions seeking to advance the realization of human rights and those who resist such social and political change. Par Engstrom is Senior Lecturer in Human Rights at the Institute of the Americas, University College, UK, and the academic coordinator of the International Network on the Inter-American Human Rights System.
650 0 _aComparative politics.
650 0 _aDemocracy.
_911142
650 0 _aHuman rights.
650 0 _aSocial justice.
650 1 4 _aLatin American Politics.
650 2 4 _aComparative Politics.
650 2 4 _aDemocracy.
_911142
650 2 4 _aHuman Rights.
650 2 4 _aSocial Justice, Equality and Human Rights.
651 0 _aLatin America
_xPolitics and government.
700 1 _aEngstrom, Par
_eEditor.
776 0 8 _iPrint version:
_tThe inter-American human rights system
_z9783319894584
_w(DLC) 2018942184
776 0 8 _iPrinted edition:
_z9783030077754
776 0 8 _iPrinted edition:
_z9783319894584
776 0 8 _iPrinted edition:
_z9783319894607
830 0 _aStudies of the Americas
906 _a0
_bibc
_corigres
_du
_encip
_f20
_gy-gencatlg
942 _2lcc
_cBOOK
999 _c7689
_d7689